Statistics for World Capitals Quiz reverse

Click here to take the quiz!

General Stats

  • This quiz has been taken 26 times
  • The average score is 135 of 196

Answer Stats

Hint Answer % Correct
AnkaraTurkey
100%
AmsterdamNetherlands
100%
Abu DhabiUnited Arab Emirates
94%
BangkokThailand
94%
CopenhagenDenmark
94%
CanberraAustralia
94%
CairoEgypt
94%
Buenos AiresArgentina
94%
BudapestHungary
94%
BucharestRomania
94%
BrusselsBelgium
94%
BrasiliaBrazil
94%
BernSwitzerland
94%
BeijingChina
94%
BerlinGermany
94%
BaghdadIraq
94%
Andorra la VellaAndorra
94%
AlgiersAlgeria
94%
DublinIreland
94%
AthensGreece
94%
WellingtonNew Zealand
89%
TallinnEstonia
89%
Washington D.C.United States
89%
Mexico CityMexico
89%
ManilaPhilippines
89%
MadridSpain
89%
LuxembourgLuxembourg
89%
LondonUnited Kingdom
89%
StockholmSweden
89%
LisbonPortugal
89%
Kuwait CityKuwait
89%
KingstonJamaica
89%
KievUkraine
89%
JerusalemIsrael
89%
JakartaIndonesia
89%
WarsawPoland
89%
VilniusLithuania
89%
SofiaBulgaria
89%
HavanaCuba
89%
RomeItaly
89%
RigaLatvia
89%
TunisTunisia
89%
ReykjavikIceland
89%
Pretoria / Cape Town / BloemfonteinSouth Africa
89%
ParisFrance
89%
VallettaMalta
89%
ViennaAustria
89%
Panama CityPanama
89%
OttawaCanada
89%
OsloNorway
89%
Vatican CityVatican
89%
NairobiKenya
89%
MoscowRussia
89%
TokyoJapan
89%
MonacoMonaco
89%
ZagrebCroatia
89%
BogotaColombia
89%
Addis AbabaEthiopia
89%
BelgradeSerbia
89%
BeirutLebanon
89%
CaracasVenezuela
89%
BratislavaSlovakia
89%
La Paz / SucreBolivia
83%
AmmanJordan
83%
San MarinoSan Marino
83%
MinskBelarus
83%
LimaPeru
83%
DamascusSyria
83%
LjubljanaSlovenia
83%
RabatMorocco
83%
AbujaNigeria
83%
VaduzLiechtenstein
83%
SingaporeSingapore
83%
DjiboutiDjibouti
83%
SarajevoBosnia and Herzegovina
83%
SantiagoChile
83%
SeoulSouth Korea
83%
San SalvadorEl Salvador
83%
PragueCzech Republic
83%
Guatemala CityGuatemala
83%
HanoiVietnam
83%
HelsinkiFinland
83%
ChisinauMoldova
83%
NicosiaCyprus
83%
DohaQatar
83%
New DelhiIndia
83%
PristinaKosovo
78%
TaipeiTaiwan
78%
BissauGuinea-Bissau
78%
TbilisiGeorgia
78%
PyongyangNorth Korea
78%
TehranIran
78%
MuscatOman
78%
TiranaAlbania
78%
UlaanbaatarMongolia
78%
AsuncionParaguay
78%
RiyadhSaudi Arabia
78%
YerevanArmenia
78%
HarareZimbabwe
78%
IslamabadPakistan
78%
KabulAfghanistan
78%
SkopjeMacedonia
78%
Sao TomeSao Tome and Principe
72%
BrazzavilleCongo (Rep. of.)
72%
Phnom PenhCambodia
72%
QuitoEcuador
72%
DhakaBangladesh
72%
BakuAzerbaijan
72%
KathmanduNepal
72%
AccraGhana
72%
MontevideoUruguay
72%
AntananarivoMadagascar
67%
Port-au-PrinceHaiti
67%
YaoundeCameroon
67%
Sri Jayawardenepura KotteSri Lanka
67%
Sana'aYemen
67%
Nur-SultanKazakhstan
67%
VientianeLaos
67%
TashkentUzbekistan
67%
Kuala LumpurMalaysia
67%
BishkekKyrgyzstan
67%
BridgetownBarbados
67%
PodgoricaMontenegro
67%
NaypyidawMyanmar
67%
TripoliLibya
67%
Santo DomingoDominican Republic
67%
MogadishuSomalia
67%
WindhoekNamibia
61%
AshgabatTurkmenistan
61%
BamakoMali
61%
DakarSenegal
61%
KinshasaCongo (Dem. Rep.)
61%
NassauBahamas
61%
San JoseCosta Rica
56%
Port MoresbyPapua New Guinea
56%
ApiaSamoa
56%
GeorgetownGuyana
56%
Bandar Seri BegawanBrunei
56%
SuvaFiji
56%
MonroviaLiberia
56%
KhartoumSudan
56%
DiliEast Timor
56%
DushanbeTajikistan
50%
KampalaUganda
50%
LibrevilleGabon
50%
ManaguaNicaragua
50%
VictoriaSeychelles
50%
BelmopanBelize
50%
CastriesSt. Lucia
50%
TegucigalpaHonduras
50%
Port-of-SpainTrinidad and Tobago
50%
FreetownSierra Leone
50%
ThimphuBhutan
44%
ManamaBahrain
44%
LilongweMalawi
44%
ParamariboSuriname
44%
LuandaAngola
44%
KigaliRwanda
44%
MaleMaldives
44%
JubaSouth Sudan
44%
OuagadougouBurkina Faso
44%
NiameyNiger
44%
BasseterreSt. Kitts and Nevis
44%
GaboroneBotswana
44%
DodomaTanzania
39%
RoseauDominica
39%
LusakaZambia
39%
Nuku'alofaTonga
39%
NouakchottMauritania
39%
KingstownSt. Vincent and the Grenadines
39%
YamoussoukroIvory Coast
39%
AsmaraEritrea
39%
BanjulGambia
39%
MaputoMozambique
39%
LomeTogo
33%
ConakryGuinea
33%
MalaboEquatorial Guinea
33%
Saint JohnsAntigua and Barbuda
33%
PraiaCape Verde
33%
BanguiCentral African Republic
33%
HoniaraSolomon Islands
33%
N'DjamenaChad
33%
Porto-Novo / CotonouBenin
33%
FunafutiTuvalu
33%
South TarawaKiribati
33%
GitegaBurundi
28%
MaseruLesotho
28%
MajuroMarshall Islands
28%
Saint George'sGrenada
28%
NgerulmudPalau
28%
Port LouisMauritius
28%
Port VilaVanuatu
28%
MbabaneEswatini
22%
MoroniComoros
22%
YarenNauru
22%
PalikirMicronesia
22%

Score Distribution

Percentile by Number Answered

Percent of People with Each Score

Your Score History

You have not taken this quiz